000 00509nam a22001817a 4500
005 20240920134703.0
008 240918b |||||||| |||| 00| 0 eng d
020 _a978-93-87880-71-9
041 _aeng
082 _a615.19
100 _aGANESAN, DR..V. AND AGGARWAL, DR.GEETA
_98527
245 _aPHYSICAL PHARMACEUTICS- I [ B. PHARMA. 3RD SEMESTER ]
250 _aRE-PRINT ED. 2023
260 _aLUCKNOW
_bTHAKUR PUBLICATION PVT.LTD
300 _a248; P
650 _aPHARMACY
_xB.PHARMA
942 _cBK
999 _c8656
_d8654